Legislación comparada de banca central /
Guardado en:
| Autor Principal: | |
|---|---|
| Formato: | Libro |
| Idioma: | Spanish |
| Publicado: |
México :
CEMLA,
1964.
|
| Etiquetas: |
Agregar Etiqueta
Sin Etiquetas, Sea el primero en etiquetar este registro!
|
| LEADER | 00427nam a22001455a 4500 | ||
|---|---|---|---|
| 001 | EEO.bibeco002145 | ||
| 003 | AR-BaUEB | ||
| 005 | 20110412134607.0 | ||
| 008 | 080718s1964####mx############000#0#spa#d | ||
| 245 | 1 | 0 | |a Legislación comparada de banca central / |c Hans Aufricht. |
| 260 | |a México : |b CEMLA, |c 1964. | ||
| 300 | |a 307 p. | ||
| 100 | 1 | |a Aufricht, Hans. | |
| 082 | 0 | 4 | |a 332.1172 |
| 859 | |a AR-BaUEB |b BIB. ECONOMIA - General |h 332.1172 |i Au39 |p e02588 | ||
